Trombinoscope - Youtube francophone - Statistiques

Statistiques générales
  • Ce quiz a été pris 2 498 fois
    121 depuis la dernière actualisation
  • Le résultat moyen est 66 sur 100
Statistiques - réponses
Hint Réponse % Correct
McFly et Carlito AIdro_kSPG3h89eFoHhkLFYl_VQ6OkFpLCfpZUSuIWkRJt0sI-E=s900-c-k-c0x00ffffff-no-rj
90%
HugoDécrypte - Actus du jour doPajjcwkXA71S2WCZsvhXSGapCsp46InwN9048iQa327OXZwxXvXJCY3FnGL6BpymL4k9jATA=s900-c-k-c0x00ffffff-no-rj
89%
Cyprien AIdro_kKiE1Vpd2RZMv057AzKdHBtqkL7ksZhZ4Huwfbr9ngUyU=s900-c-k-c0x00ffffff-no-rj
89%
Lena Situations d2MpFvheu0xlCTovS837oS2ji_DNdnE-MWf2OsWDqohUV3YP-wv7a7TCxDh1sRP0T9SxP2VudCo=s900-c-k-c0x00ffffff-no-rj
87%
Tibo InShape MXKYsX4ryzhIwTLMwBUvx6eoWMcaF-gsHO_PLidZMEKyFj-eKyg9u0IykU8uh7ejCAS9omOlyP8=s900-c-k-c0x00ffffff-no-rj
87%
Joyca F5R-8dCR4OsDu1Rs_2RE20e6LUNFDJW6VemSqToit8XvdfoSj1DXJXb0Dc4aT_YEv-5TsFCF=s900-c-k-c0x00ffffff-no-rj
86%
Amixem mkxR4YNTUBJAjuq020488wM8yHSCZ4Kwn0etJyYyGTL86LnEiIzu5uhw8EwmPpRxavKYXyQ4Hmk=s900-c-k-c0x00ffffff-no-rj
86%
Natoo ZpHD9MhNPhlayZ4wVNTX2r5ovCCDgsaQabX_PithFmRrctUR0mZroFmqaWweOnIqAhdXYFSn2g=s900-c-k-c0x00ffffff-no-rj
86%
Michou AbT6_C0E4bzscwpKqfdeMg6wTCuo_5pP9lkeqcLBFtqbgJsf8GaRGBAUnf7ZuNwEuiTHA7fI=s160-c-k-c0x00ffffff-no-rj
85%
Maghla AmhkX5Jeh3m8pbAs-yzlOXKC9R530xqjkO20U48J0iIvgaBCrjym-9Xi_UNATFJE8meaVbcbfsY=s900-c-k-c0x00ffffff-no-rj
85%
Juju Fitcats oZdXk9L-y6Vao5vqhESNmfzlKlgOsyGNY7HfUlDvxOviYoHDkIqcBGMwwa8Lry8xTD6QQEvO=s900-c-k-c0x00ffffff-no-rj
85%
Mastu AIdro_kcL_PnNz1KEjLIQ7veCTq_0Vv7tktG0oth4M0_NZp8PRw=s900-c-k-c0x00ffffff-no-rj
85%
Le Monde à l'envers AIdro_lcZMJ4BTZVzOIlTovCnbtY4XXkRWs9wEavO1qW2V9HqYg=s900-c-k-c0x00ffffff-no-rj
85%
Mister V 9waBvH5yP5jTNSGZ-n9Na5ldf3vnzmFOEjv6PUEuCiaRkfffk50GpF6nkDleoapVrR22Uupm8Lc=s900-c-k-c0x00ffffff-no-rj
84%
Charles & Mélanie Sy5tUsjVvqrY_FXyLEbOpzRcYvpzKVk2kc8GTmYIyD_ogmrYeJNELIEWf38tBjEv4YHhKVaGZA=s900-c-k-c0x00ffffff-no-rj
84%
Dr Nozman AIdro_kP-ty6rj41GP6Sddyux8oU5DJu9DLc9feo1bQq27az7XQ=s900-c-k-c0x00ffffff-no-rj
83%
AmineMaTue CP-ySEpsgzL1t4YnglS3JwI-TTzgTsi3axHv7ovF6aKgChY7f8Ln8CzXuoQBEmC_WH3u1nImXA=s160-c-k-c0x00ffffff-no-rj
82%
Greg Guillotin j3xlM3Ok7ggG7VyuFRBuv1nGV-uwOOvTej3XABDPiYWZdHvQ0e8CY-X9rkX1Yt3STWJILx2RIw=s900-c-k-c0x00ffffff-no-rj
82%
Maxime Biaggi ZsmiOA_7qianJlnzgnv657o6txt_wAC-Vw99yzAqfxjAPW9hojrQs_QMEHYTPR6tR3KJzYlUw2U=s900-c-k-c0x00ffffff-no-rj
82%
Domingo 6ni5eiKLZZKaN8fVy63KsXlV5girNU23Zb-rmFKN8AmOdVCRx9w0iXsX90LFqsRc4UqQJZMl=s900-c-k-c0x00ffffff-no-rj
80%
Henry Tran FEMsmDze6tD1IMmJr38M2JknpSSl2QxmzY5s3c94IzV-uRjFVPPw6eTDbJEqphSx5vZ5TLE8iw=s900-c-k-c0x00ffffff-no-rj
80%
THEODORT SvQQDjOMTyl3DdWWxmJLmnQQvf9VPq-qwzjvfbHTeMClvei9E8MEmNXXYGIKqEbAPAttTZeJ86E=s900-c-k-c0x00ffffff-no-rj
80%
Fabien Olicard AIdro_kPDBHlleSSl91bk_f0jq34PJnYw-sWd77g1jxjwiFy9Cc=s900-c-k-c0x00ffffff-no-rj
80%
Baghera Jones AIdro_n-GSNQFWPA0qzr-Oz1wf2Nk9v8BBvGiiQPJlPtEjhLESs=s900-c-k-c0x00ffffff-no-rj
80%
Djilsi OURu7mcfKBYZ4mX5bq_xdZBdfuAh2MlemG3Icgod1i8NOItwGccGXWqJaKxmMxSMr2TRdcFpewM=s900-c-k-c0x00ffffff-no-rj
79%
Squeezie AIdro_mPZvx-xk6pbAYdC7G8jUZzgCNDDTg1ZfF0_Lwd8UpJT4M=s900-c-k-c0x00ffffff-no-rj
79%
LeBouseuh -ddkoZcrriwdAFiRPEBCTBqnU6p8w6fP5WdsG-k2MTo2DM0q_CmpZYKeIVgz4MQcaQ37Vn6S-ek=s900-c-k-c0x00ffffff-no-rj
78%
Inoxtag AIdro_nBv_ScBglsYmGLCeX8gG5E7_rC-p9M0I4hQAcEMaHjJa4=s900-c-k-c0x00ffffff-no-rj
78%
Just Riadh cnWFmF_D6H1LTzpZExnC3hO8HEtqQZlHtU6jNM6eT6-DRl-bss0i19z5m6_se4yx_KrnkqELbA=s900-c-k-c0x00ffffff-no-rj
77%
Kameto d-3wY-2qhAzeUyds7ZSgftdJ97M3Vj7zXyx8YOVaNlV89vUVr4N58IcQAWk8Nk4Ak5NMgWkz=s900-c-k-c0x00ffffff-no-rj
77%
Sofyan fR4SLZABqpEJi1m9ogBXX4D1ISi_NBZD42ZAfIxi5sLdrFsTdWtu0X74QMG2yc8f05a3Rf2ZC-E=s900-c-k-c0x00ffffff-no-rj
77%
FastGoodCuisine gHkSCYBk4J1lJp3C0bmoh3GDtMsUnXNZEX9IUBzL9GElxRITRJK5s8rU3DINZjEuP3vluRhYnqY=s900-c-k-c0x00ffffff-no-rj
77%
Jamy - Epicurieux PmI8M3fQcLUOPc9oU6PO86lVIdlqwQPQ5K4T_s5YWOei67zPRJ1Knq6pzKawZNWh2Ls7H4w2Dg=s900-c-k-c0x00ffffff-no-rj
77%
Le Palmashow 6SXPLUXh4beliLg-JgvH9QZuEuIo__GfFp9ABHx2teMf4U5aAXyNWqFjT6HtLIlsY6hil3xz=s900-c-k-c0x00ffffff-no-rj
76%
SEB izvpXqLdMK6qnVK6kV_hMCkeg84cFZCdZdCmGCWS8SZj1Gl0ABG8_XTlc4yzU6irXclZvwSAXp0=s900-c-k-c0x00ffffff-no-rj
75%
Pierre Croce nITpEppzrNhVmiOCzBsmwQdjzaJ-qJnz4KKwqhbfXgTxdAkKP8ITAz3dlmdIOLPnm4nyxBdbOA=s900-c-k-c0x00ffffff-no-rj
75%
Ibra TV AIdro_mC9bV_sGqBPjGiXlkpmuAIjOLGehRxL2TjDKi70uYiYPs=s900-c-k-c0x00ffffff-no-rj
75%
Hugoposé z_s4d0qSImOWy6i39Hw-suNcfxVHhv1BYCJQfjtwfFjwwYqEMu5zptRsl6SnX-Kk32jITYGmEg=s900-c-k-c0x00ffffff-no-rj
75%
Kevin Tran 陈科伟 MBxiH8DNeV7jiaqGqWshnuM7CFEakULP0w2R_d34lEHtT5Bj-Vvgj_0bSKu3qmq_DnDlfrhC2W8=s900-c-k-c0x00ffffff-no-rj
74%
CYRILmp4 tk7oHsJutrdeI80Zzf5jvxT3nfwX5ZR4Qx9eguHLDIHYI30mg2nhfNsbQpU9vHUE1MEN8Zcbc30=s900-c-k-c0x00ffffff-no-rj
74%
Cocotte WpbmBg-uCrZzkDiEM0Z4pJeliBm9xvqJJzKygm35J8OXWnwxZPLsNffIvd3YiY0QVUNiIgXSng=s900-c-k-c0x00ffffff-no-rj
74%
LE GRAND JD AIdro_l4Pra23FO6-vPtWRXDhtSjnuSQnLF4SGsipS0Lh1MndPk=s900-c-k-c0x00ffffff-no-rj
74%
Joueur Du Grenier AIdro_l5M7wAHM9QledrlSHNomrm8tV-pTAyzUiFtL7iSVFUIA=s900-c-k-c0x00ffffff-no-rj
74%
Bob Lennon AIdro_njqF-aJuJn5Y0t9BKsdwSdyWhA_yil0yTmuPOU4zle3q0=s900-c-k-c0x00ffffff-no-rj
74%
EnjoyPhoenix - Marie Lopez DjAWqzobxe_fTjTukM4KCC1t1RMwOnUcS2-yqbKv2ppMaV3LyDWLoSnpI7_wat9DDr51H7ilNA=s900-c-k-c0x00ffffff-no-rj
72%
Freddy Gladieux AIdro_nHHuTEcWMDIKuMI97dLiCQkMXJvFHYYKfYEsfDtJR53fg=s900-c-k-c0x00ffffff-no-rj
72%
Daniil le Russe AIdro_nNj7iyP4aQL_Zdlb_qgaAt6lc3pkyYfFMsiiyXLxCxN3c=s900-c-k-c0x00ffffff-no-rj
72%
Roman Doduik JueKytKrz7-VDvrI3tBfylVEsVYRY-dAmrf6a6Afe_w3OEeMM8C2IMdu8c7NoBJYHyynEQh9=s900-c-k-c0x00ffffff-no-rj
71%
MrAntoineDaniel AIdro_kRdyCH6MmWSuY9WJsXaBNNK8uvDPY0ayuBe3YGr-QIDDg=s900-c-k-c0x00ffffff-no-rj
71%
ByIlhan 4QAquxCJzVFphDSet9xRSbkre7_q6q_uqgY80hbxV5oeOJIeOuAoef-nVqpvkoSt61DEipWu2A=s900-c-k-c0x00ffffff-no-rj
70%
ZeratoR 0PL7Wid85D5gVRbv2h0FgYrC4H5WPNA0BVya-vmuvz4HuJXgOiB32A7xNXlGulHF7i19WPNpvRs=s900-c-k-c0x00ffffff-no-rj
69%
Neoxi EPydUn2pEZubBc4aiX9rlGfbcpOGKIv9J6tJ8XH8NpRhGiPDy3i8M-afdGykkMRFcY_2MTl5lg=s900-c-k-c0x00ffffff-no-rj
69%
Doc Seven ObjZlE5C38vo0syeaQtuo-HaIZ7567CL2UlgmplDeUAsi7evzsAftQMhPVBtLq8GglTPuEV3N68=s900-c-k-c0x00ffffff-no-rj
69%
Etoiles AIdro_lRY24xCKT9seH0TYW6LcBbDVcFW3unpSvqA5Ps9Qsi4q0=s900-c-k-c0x00ffffff-no-rj
69%
Rémi Gaillard AIdro_nuUbV1NWHTPA9lI1AZpvmRPEObDMJo6DwHYTEX1NilVWw=s900-c-k-c0x00ffffff-no-rj
68%
Pidi AIdro_k6eyU7CPa7qyv0zsBglfJRynynDAk2brqMUOhBBcJqxt4=s900-c-k-c0x00ffffff-no-rj
66%
Lucas Studio AIdro_kCfqzF78f7Uzibe8LgGMPH6wo1Fz4I8Tl_ojjaSZyhyYY=s900-c-k-c0x00ffffff-no-rj
66%
ANDY AIdro_mbOwjOVBrO_b1ozQ8PsGbKTNpEC-8uo3sl4JmNwbBi1II=s900-c-k-c0x00ffffff-no-rj
66%
Studio Danielle AIdro_mLWlB0iYMQKqyqndQFCfewzvWSz2_V9E5B5BdBiZrd8Ms=s900-c-k-c0x00ffffff-no-rj
66%
DavidLafargePokemon Ci9KRrnh-R5_xBFJ52Xwxly34QwtcsvXoZdrJSKzpuR_LwKQq5GN0GKA-r7_hraSDsHviD0W=s900-c-k-c0x00ffffff-no-rj
64%
Gotaga FQXhwoYYE7tmVnX54Lkp6qDgFbgSpCoTou-yRqcaxwbKRTDEwjpwjH3yFB55nK_p9MinEAvPCm8=s900-c-k-c0x00ffffff-no-rj
64%
Jhon Rachid i7irfx9kj1dEp8ar8QTjixCGmg7TXZEWoNPkajzCUwmh1ymmqlsRNolCIqvJ2JD5C95N74pBug=s900-c-k-c0x00ffffff-no-rj
64%
Poisson Fécond _Ns0Bzk-GB5brYu7UNGolj6ndKMUI-sRHX-USdQV9vqN9WI5ZPiqHt1P3wtiahqbQsiWIKG4vps=s900-c-k-c0x00ffffff-no-rj
64%
Emy LTR BPXvieg20x_c-V93WEEFjW9kbZCu6flNvO8UNb2AHiUXlGy3gCAjGIA77gA8xyPJBXktoTbjmO0=s900-c-k-c0x00ffffff-no-rj
63%
MissJirachi AIdro_k5eutbN_tujZTktisK4JAYsyA2Hn2Ov757S24QOzUeFK4=s160-c-k-c0x00ffffff-no-rj
63%
Furious Jumper BgwYoE8jVPzK2jxhgYQrO944C7LzoYMrSVMuIqolRxwLXj1W5Ani7dILP8BD0j4sH4caeR1D1w=s900-c-k-c0x00ffffff-no-rj
62%
Sora e4bLqHIv4cXbFqkLUoRcLFItFPw_voL61lqlWhTqeBNaxD4FG9ommZNDW9Rm_l0XT9lsUxHZZg=s900-c-k-c0x00ffffff-no-rj
61%
Kemar Xh9JEQHtgriFgfP4zJ7u63tyeN1b9QUAEl_m05PKEbbkyE7JG-1lM_dW4_AV_SuXuM4Do_fKHg=s900-c-k-c0x00ffffff-no-rj
61%
Gaëlle Garcia Diaz AIdro_mjIJYbMbGq7MWAkLEaD1uIW44oKaVSMDLkNUGMkaWAq_8=s900-c-k-c0x00ffffff-no-rj
61%
Valouzz AIdro_ktOqumnjtQ3OynlPfn23AaCyrmR9IdP6aVaYQz2RJlv-U=s900-c-k-c0x00ffffff-no-rj
59%
mistermv aURcUW4jIApOmjRUwx-j8lcFRRC9t-f1CrThF9VRtrUgP8WS3im36q3Ncp4tT3E32f84qEvoBA=s900-c-k-c0x00ffffff-no-rj
57%
Wankil Studio - Laink et Terracid e8DYeGKwyaDgSc8AUmIvGdGsGU_c-_2ceQCb7qkbZZzZ7R5bppKMpL2vnlaIwS04O1Jx4kzd-Q=s900-c-k-c0x00ffffff-no-rj
57%
L'atelier de Roxane sNZTcQmHaHv4aiYK2TlIssnd9_eaMwZwWEl0nbqcCagcg1ubO1VqXsCVEonk4jgjsQpy6-EF=s900-c-k-c0x00ffffff-no-rj
57%
Xari AIdro_k91aWVivQv-22l1UvznNG02hHmzHMGAUIwFpgGLD75OC4=s176-c-k-c0x00ffffff-no-rj-mo
56%
Trash AIdro_l5icC2DHPjaDA9XI077SmNdVVavo0Ekac9vKXDO5DqDBo=s900-c-k-c0x00ffffff-no-rj
56%
Rivenzi 4k85DrM7joJcmeEzUHshIe_y-rNRajUqglIDVFnbye1YenPeP8pfnx0a1jVlKkeVdN-oe7Dj=s900-c-k-c0x00ffffff-no-rj
55%
Linca cC6fau5ixjD-N541FtT8gmHoEhkrU7-AWymf5vRaiQDzolFv2AZyl8PXljTVBH14saJA9CRuWBo=s900-c-k-c0x00ffffff-no-rj
55%
Fuze III ouC_QbObGHFr-Wf9Mg9fzZTgK-PqpE_vwI53eOy1coC4LYtYwqUDHjHXLfrraLtDPOzKzY1yGA=s900-c-k-c0x00ffffff-no-rj
55%
Batzair images?q=tbn:ANd9GcTvI_cuEcU5YMjGIxzG37klsw-ya_yugHdqiQ&s
54%
Dooms HyDzUfwWirVj9ss2fwvo_pdhwGK3XJcCMRXZ7eI6TfWwHit5hJtMWBha-cYTdPU8UQW6PwTRB5Q=s900-c-k-c0x00ffffff-no-rj
54%
HortyUnderscore tv7R9oA98CpENGAfhL0hqJ0PRbfYWp6Kf4-i4a7uHAeZy74YKQWUsy7zEZnemERRdlXIpap7jg=s160-c-k-c0x00ffffff-no-rj
54%
Yvan Monka gvUaZyIzPX9dLJG6RWkMmVQy24WquKZ5oOC_xgOImTx1wN9POYD0djENv1P46yEYChsQs98d=s900-c-k-c0x00ffffff-no-rj
51%
THEA sTcr5aCmHulvtA0V4xwBAFzhpTfBCbPKZYd_UonaJ1CKiTBtHsUdOrz-8c0TfFlrN3ejASG6BA=s900-c-k-c0x00ffffff-no-rj
51%
Jojol LynLoLgkMKW3yJ-jx8FwJxAGfPBXnp_RPYJTdkZKag6qhvf68UxGPU1epcREv2o6Kb4YB2178rg=s900-c-k-c0x00ffffff-no-rj
49%
Océane fnJUgzW6lMJsLLLGYY5zkaKhFzIHUYyclDae0Zrm2EFMAnW12cEnfzq2hcDznr6oLNo0u-SR=s176-c-k-c0x00ffffff-no-rj-mo
48%
Nota Bene 14yJywmBpZLujps3kbe32_WRi46fZomUBtbnUH4gNh92LMQU0u81K-Y-j433em0AWnBVpP64-Q=s160-c-k-c0x00ffffff-no-rj
48%
MATH j4U7NRTl0eAFnJk56AbhFTvUJ-Hsxobp1Ork457xUgmXfgvuMPrGo-jlmXx-bV2kuNcTXo9q=s160-c-k-c0x00ffffff-no-rj
47%
GameMixTreize Vy6c0deamyAq1ys7Vyr2DZpm-4DSktaW7M399JCpNiKEvBt347LWHMGJfYUVtReae1li1OfuYQ=s900-c-k-c0x00ffffff-no-rj
47%
Ponce wdtYA97f7ikWQA8GrhxwEMoy1Bn_BXvhd70zvPt6qsTkg9a9Ac7GYZbwEjZnrndNuQC0JEaqZw=s176-c-k-c0x00ffffff-no-rj-mo
44%
Le Jimmy Labeeu THXierdJgyxVwMVEk03zNRAnALswOfp7z6P20o35t_WCthI5ViIXtyl-msCN6H3eCtJcVJha6w=s900-c-k-c0x00ffffff-no-rj
44%
Vilebrequin AIdro_mEdBuj1fCqUVLlvdLxIQtLZvUBN3cD-fB7LrYY9Gug65M=s160-c-k-c0x00ffffff-no-rj
44%
Ultia QWFBkFM9doSXY-v3qZVBscX4KDtY2gGTmXiz5jaJHO8xSoQvu5n5mxPXQ6lXY4G9NU1U2HkYbQ=s176-c-k-c0x00ffffff-no-rj-mo
37%
Romy AIdro_msDLpgjXiohKL8ESWwXpU2D8EAPFDWaxHeRznEiezl8ik=s160-c-k-c0x00ffffff-no-rj
37%
Polo AIdro_nIyohgX2H891468Wh8FpyqyEfuGucqWUcIkKwT-hxN0d0=s160-c-k-c0x00ffffff-no-rj
37%
JirayaTV AIdro_nxqEdiqfIRJp9WTdTJYG_4IQfPGxc8gU9txdflboFGalw=s176-c-k-c0x00ffffff-no-rj-mo
36%
Gurky AIdro_mPJbLsexZQv83zkNtbjUiqVbO0hLKaycKEd9I7gY71ACg=s900-c-k-c0x00ffffff-no-rj
33%
Siphano t3h-A8ZPFLxSI6bvxWW_LwxDqbiGuSkrPO8IwA8FbD1oFm0M-UGXGXyChe0KOsa_2NTvSUC4Dg=s160-c-k-c0x00ffffff-no-rj
31%
Julgane MEv02qgv0Cdly-sKbVREoadHm74VBRLPEeYoz1mv7me61qdGguclnp8uULvqEU0xYX1i5RuKSQ=s900-c-k-c0x00ffffff-no-rj
25%
Noa. PX5fXQeGTBVnRSWlrrtr-GJz_bndFuDAmm0GA7QxucSk1n6Uccd4AsR72OPi6wV52W01lNgZ=s900-c-k-c0x00ffffff-no-rj
25%
Benoît - Diablox9 uMCOWq8avyw0TmjgFXjbcKhIucrIL_Nrs9CfqT05DjMXiXtHHjWXe9Rzwoqokyp4kmCnVEV9Qg=s176-c-k-c0x00ffffff-no-rj-mo
23%
Aucun quiz correspondant
Distribution des résultats
% des personnes avec chaque résultat
Percentile par nombre de réponses
Votre historique - résultats
Vous n’avez pas pris ce quiz depuis la dernière actualisation